[Event "Stay Safe Play From Home 195"]
[Site "T#646521Emanuel Laske"]
[Date "2020.06.02"]
[Round "2"]
[White "Batualkoc52"]
[Black "Bellbox"]
[Result "0-1"]
[WhiteElo "1620"]
[BlackElo "2023"]
[Annotator "NA RC"]
[PlyCount "52"]
[EventDate "2020.06.02"]
[EventType "swiss (blitz)"]

1. d4 {[%emt 0:00:03]} f5 {[%emt 0:00:01]} 2. c3 {[%emt 0:00:05]} Nf6 {[%emt 0:00:03]} 3. c4 {[%emt 0:00:00]} g6 {[%emt 0:00:01]} 4. e3 {[%emt 0:00:02]} Bg7 {[%emt 0:00:01]} 5. Nf3 {[%emt 0:00:05]} O-O {[%emt 0:00:01]} 6. Nc3 {[%emt 0:00:03]} d6 {[%emt 0:00:01]} 7. Bd3 {[%emt 0:00:02]} c6 {[%emt 0:00:01]} 8. O-O {[%emt 0:00:03]} Na6 {[%emt 0:00:02]} 9. a3 {[%emt 0:00:04]} Qe8 {[%emt 0:00:01]} 10. Re1 {[%emt 0:00:04]} e5 {[%emt 0:00:01]} 11. d5 {[%emt 0:00:06]} e4 {[%emt 0:00:05]} 12. dxc6 {[%emt 0:00:09]} bxc6 {[%emt 0:00:02]} 13. Bxe4 {[%emt 0:00:15]} fxe4 {[%emt 0:00:02]} 14. Nd4 {[%emt 0:00:06]} Nc5 {[%emt 0:00:05]} 15. b4 {[%emt 0:00:21]} Nd3 {[%emt 0:00:02]} 16. Re2 {[%emt 0:00:02]} d5 {[%emt 0:00:07]} 17. cxd5 {[%emt 0:00:06]} cxd5 {[%emt 0:00:02]} 18. Rd2 {[%emt 0:00:03]} a6 {[%emt 0:00:12]} 19. Rxd3 {[%emt 0:00:02]} exd3 {[%emt 0:00:01]} 20. Qxd3 {[%emt 0:00:03]} Bb7 {[%emt 0:00:18]} 21. b5 {[%emt 0:00:00]} Ng4 {[%emt 0:00:07]} 22. bxa6 {[%emt 0:00:05]} Bxa6 {[%emt 0:00:06]} 23. Qd1 {[%emt 0:00:03]} Nxf2 {[%emt 0:00:02]} 24. Qb3 {[%emt 0:00:24]} Bc4 {[%emt 0:00:03]} 25. Qc2 {[%emt 0:00:06]} Bxd4 {[%emt 0:00:02]} 26. exd4 {[%emt 0:00:04]} Qe1# {[%emt 0:00:02] (Lag: Av=0.49s, max=0.8s)} 0-1

[Event "Stay Safe Play From Home 195"]
[Site "T#646521Emanuel Laske"]
[Date "2020.06.02"]
[Round "2"]
[White "Ahmet777"]
[Black "Lazieri3"]
[Result "0-1"]
[WhiteElo "1444"]
[BlackElo "1989"]
[Annotator "NA RC"]
[PlyCount "40"]
[EventDate "2020.06.02"]
[EventType "swiss (blitz)"]

1. d4 {[%emt 0:00:01]} c6 {[%emt 0:00:01]} 2. e3 {[%emt 0:00:01]} d5 {[%emt 0:00:00]} 3. Nf3 {[%emt 0:00:01]} Bf5 {[%emt 0:00:24]} 4. Bd3 {[%emt 0:00:06]} Bxd3 {[%emt 0:00:01]} 5. Qxd3 {[%emt 0:00:00]} e6 {[%emt 0:00:00]} 6. Ne5 {[%emt 0:00:05]} Nd7 {[%emt 0:00:02]} 7. Nxd7 {[%emt 0:00:04]} Qxd7 {[%emt 0:00:01]} 8. O-O {[%emt 0:00:00]} Nf6 {[%emt 0:00:01]} 9. Nd2 {[%emt 0:00:03]} Bd6 {[%emt 0:00:01]} 10. Nf3 {[%emt 0:00:03]} O-O {[%emt 0:00:02]} 11. Ne5 {[%emt 0:00:02]} Qc7 {[%emt 0:00:02]} 12. b3 {[%emt 0:00:09]} h6 {[%emt 0:00:02]} 13. c3 {[%emt 0:00:13]} Bxe5 {[%emt 0:00:02]} 14. dxe5 {[%emt 0:00:31]} Qxe5 {[%emt 0:00:00]} 15. c4 {[%emt 0:00:01]} Qxa1 {[%emt 0:00:03]} 16. Bd2 {[%emt 0:00:44]} Qxa2 {[%emt 0:00:09]} 17. Bb4 {[%emt 0:00:03]} Rfd8 {[%emt 0:00:04]} 18. Be7 {[%emt 0:00:02]} Rd7 {[%emt 0:00:06]} 19. Bxf6 {[%emt 0:00:02]} gxf6 {[%emt 0:00:00]} 20. Qe2 {[%emt 0:00:01]} dxc4 {[%emt 0:00:02] Ahmet777 terk eder (Lag: Av=0.58s, max=0.8s)} 0-1

[Event "Stay Safe Play From Home 195"]
[Site "T#646521Emanuel Laske"]
[Date "2020.06.02"]
[Round "3"]
[White "Indianquant"]
[Black "Batualkoc52"]
[Result "1-0"]
[WhiteElo "2399"]
[BlackElo "1620"]
[Annotator "NA RC"]
[PlyCount "35"]
[EventDate "2020.06.02"]
[EventType "swiss (blitz)"]

1. Nf3 {[%emt 0:00:04]} c5 {[%emt 0:00:08]} 2. c4 {[%emt 0:00:03]} Nf6 {[%emt 0:00:07]} 3. Nc3 {[%emt 0:00:02]} e6 {[%emt 0:00:05]} 4. g3 {[%emt 0:00:02]} d5 {[%emt 0:00:03]} 5. cxd5 {[%emt 0:00:00]} exd5 {[%emt 0:00:07]} 6. d4 {[%emt 0:00:01]} Be6 {[%emt 0:00:13]} 7. Bg2 {[%emt 0:00:02]} Be7 {[%emt 0:00:09]} 8. O-O {[%emt 0:00:21]} O-O {[%emt 0:00:02]} 9. Bf4 {[%emt 0:00:35]} Nc6 {[%emt 0:00:07]} 10. dxc5 {[%emt 0:00:20]} Bxc5 {[%emt 0:00:06]} 11. Rc1 {[%emt 0:00:01]} Qb6 {[%emt 0:00:09]} 12. Na4 {[%emt 0:00:07]} Bxf2+ {[%emt 0:00:44]} 13. Rxf2 {[%emt 0:00:00]} Qd8 {[%emt 0:00:14]} 14. Nd4 {[%emt 0:00:26]} Nxd4 {[%emt 0:00:10]} 15. Qxd4 {[%emt 0:00:02]} Ng4 {[%emt 0:00:18]} 16. Rff1 {[%emt 0:00:03]} f5 {[%emt 0:00:17]} 17. Rc7 {[%emt 0:00:31]} g5 {[%emt 0:00:24]} 18. Qg7# {[%emt 0:00:03] (Lag: Av=0.83s, max=1.5s)} 1-0

[Event "Stay Safe Play From Home 195"]
[Site "T#646521Emanuel Laske"]
[Date "2020.06.02"]
[Round "3"]
[White "Bellbox"]
[Black "Position"]
[Result "0-1"]
[WhiteElo "2026"]
[BlackElo "2128"]
[Annotator "TA"]
[PlyCount "84"]
[EventDate "2020.06.02"]
[EventType "swiss (blitz)"]

{[%evp 14,83,60,61,108,101,110,98,100,96,106,98,102,91,98,82,103,103,115,98,136,128,122,124,154,157,152,152,153,82,109,53,103,64,76,45,71,33,33,43,58,21,37,-286,-311,-336,-323,-310,-310,-356,-348,-344,-335,-410,-241,-569,-562,-531,-351,-365,-83,-152,0,-908,-900,-1408,-859,-29994,-29995,-29998,-29999,-29999]} 1. e4 c5 2. c3 d6 3. d4 cxd4 4. cxd4 e6 5. Nc3 Nf6 6. Nf3 Be7 7. Bd3 Nc6 8. O-O e5 {B22: Sicilian: 2 c3.} 9. d5 Nb8 10. h3 O-O {White is better.} 11. Be3 Nbd7 {[#]} 12. Qd2 $146 ({Predecessor:} 12. Nd2 Nxe4 13. Ndxe4 f5 14. f3 fxe4 15. fxe4 Rxf1+ 16. Qxf1 Nf6 17. Qf2 b6 18. Rf1 {1-0 (28) Xavier,K (1502)-Chemin,V (2182) Caioba 2019}) 12... Nh5 13. Rfc1 a6 14. a4 {[%cal Ba2a4,Ba4a5][%mdl 32]} h6 15. a5 Nf4 16. Bf1 Nf6 17. Bxf4 exf4 18. Qxf4 Nh5 19. Qe3 Bd7 20. g4 Nf6 21. Nd4 (21. Nd2 $142) 21... Re8 $16 22. Qg3 ({White should play} 22. Ra3 $16) 22... Bf8 23. Bg2 Rc8 24. Qf4 g6 25. Re1 Rc4 26. Red1 Qc7 27. Bf1 Rb4 $1 28. Nc2 $2 {[%mdl 8192]} (28. Rac1 $14 {stays ahead.} Qd8 29. Rb1) 28... Rxb2 $19 29. Qxf6 Rxc2 30. Ne2 Bg7 ({Don't do} 30... Rxe4 31. Qf3 $19) 31. Qf3 Bxa1 32. Rxa1 Bb5 33. Nd4 Rc3 (33... Rc1 $142 34. Rxc1 Qxc1 35. Nxb5 axb5) 34. Qf4 $2 (34. Qf6 {nothing else works.} Qe7 35. Qxe7 Rxe7 36. Bxb5) 34... Bxf1 35. Rxf1 Kg7 {White must now prevent ...Qc4.} 36. g5 h5 $2 ({Much less strong is} 36... Rxh3 37. Qf6+ Kg8 38. gxh6 $19) (36... hxg5 $19 37. Qxg5 Rxh3) 37. Qf6+ $17 Kg8 $2 {[#]} (37... Kh7 $17 {And now ...Ra3 would win.} 38. f3 Ra3) 38. Nf5 $2 {[%mdl 8192]} (38. Ne6 $1 $11 {[%mdl 512]} fxe6 39. Qxg6+ {[%mdl 64] Double Attack} Kf8 40. Qf6+ Kg8 41. Qg6+ {[%mdl 64] Double Attack} Kf8 42. Qf6+ Kg8 43. Qg6+ {[%mdl 64] Double Attack}) 38... gxf5 $19 39. exf5 Rxh3 {( -> ...Qc4)} 40. Qh6 Qc4 {[%cal Rc4g4] Black mates.} 41. Rb1 Qg4+ {[%mdl 64] [#] Double Attack} 42. Kf1 Rh1# {Never resign too early! Accuracy: White = 47%, Black = 63%.} 0-1

[Event "Stay Safe Play From Home 195"]
[Site "T#646521Emanuel Laske"]
[Date "2020.06.02"]
[Round "3"]
[White "Lazieri3"]
[Black "Don59as"]
[Result "1-0"]
[WhiteElo "1990"]
[BlackElo "2064"]
[Annotator "NA RC"]
[PlyCount "121"]
[EventDate "2020.06.02"]
[EventType "swiss (blitz)"]

1. e4 {[%emt 0:00:02]} e5 {[%emt 0:00:01]} 2. Nf3 {[%emt 0:00:01]} Nc6 {[%emt 0:00:01]} 3. Nc3 {[%emt 0:00:03]} d6 {[%emt 0:00:02]} 4. d4 {[%emt 0:00:01]} exd4 {[%emt 0:00:01]} 5. Nxd4 {[%emt 0:00:00]} Nf6 {[%emt 0:00:01]} 6. Nxc6 {[%emt 0:00:01]} bxc6 {[%emt 0:00:01]} 7. Bd3 {[%emt 0:00:00]} Be7 {[%emt 0:00:01]} 8. O-O {[%emt 0:00:01]} O-O {[%emt 0:00:01]} 9. Bf4 {[%emt 0:00:00]} Rb8 {[%emt 0:00:01]} 10. b3 {[%emt 0:00:02]} Nd7 {[%emt 0:00:02]} 11. Ne2 {[%emt 0:00:03]} Bf6 {[%emt 0:00:01]} 12. c3 {[%emt 0:00:03]} Nc5 {[%emt 0:00:05]} 13. Bc2 {[%emt 0:00:03]} Re8 {[%emt 0:00:04]} 14. Be3 {[%emt 0:00:05]} Nxe4 {[%emt 0:00:06]} 15. Bxa7 {[%emt 0:00:05]} Ra8 {[%emt 0:00:12]} 16. Be3 {[%emt 0:00:03]} g6 {[%emt 0:00:15]} 17. Bd4 {[%emt 0:00:10]} c5 {[%emt 0:00:04]} 18. Bxf6 {[%emt 0:00:03]} Qxf6 {[%emt 0:00:01]} 19. Bxe4 {[%emt 0:00:38]} Rxe4 {[%emt 0:00:06]} 20. Qd5 {[%emt 0:00:02]} Rxe2 {[%emt 0:00:12]} 21. Qxa8 {[%emt 0:00:04]} Re8 {[%emt 0:00:01]} 22. Rfe1 {[%emt 0:00:07]} Rd8 {[%emt 0:00:01]} 23. Qc6 {[%emt 0:00:12]} Kg7 {[%emt 0:00:21]} 24. Qxc7 {[%emt 0:00:06]} Bf5 {[%emt 0:00:04]} 25. Rad1 {[%emt 0:00:05]} Rd7 {[%emt 0:00:08]} 26. Qa5 {[%emt 0:00:17]} Bg4 {[%emt 0:00:10]} 27. f3 {[%emt 0:00:04]} Be6 {[%emt 0:00:06]} 28. c4 {[%emt 0:00:07]} Qg5 {[%emt 0:00:08]} 29. Qd2 {[%emt 0:00:03]} Qf6 {[%emt 0:00:06]} 30. Re3 {[%emt 0:00:02]} Kg8 {[%emt 0:00:06]} 31. Rd3 {[%emt 0:00:06]} h5 {[%emt 0:00:18]} 32. Rxd6 {[%emt 0:00:05]} Ra7 {[%emt 0:00:13]} 33. Qh6 {[%emt 0:00:10]} Ra8 {[%emt 0:00:01]} 34. Qd2 {[%emt 0:00:09]} Kh7 {[%emt 0:00:08]} 35. Rd8 {[%emt 0:00:03]} Ra7 {[%emt 0:00:07]} 36. Qd6 {[%emt 0:00:23]} Rxa2 {[%emt 0:00:14]} 37. Qf8 {[%emt 0:00:02]} Qg7 {[%emt 0:00:01]} 38. Qxg7+ {[%emt 0:00:01]} Kxg7 {[%emt 0:00:01]} 39. R8d2 {[%emt 0:00:04]} Ra6 {[%emt 0:00:06]} 40. Rb1 {[%emt 0:00:04]} Rb6 {[%emt 0:00:01]} 41. Rbb2 {[%emt 0:00:02]} Rb4 {[%emt 0:00:05]} 42. Kf2 {[%emt 0:00:02]} Kf6 {[%emt 0:00:02]} 43. Ke3 {[%emt 0:00:01]} g5 {[%emt 0:00:02]} 44. Kd3 {[%emt 0:00:01]} Ke5 {[%emt 0:00:05]} 45. g3 {[%emt 0:00:02]} Rb6 {[%emt 0:00:07]} 46. Kc3 {[%emt 0:00:01]} h4 {[%emt 0:00:03]} 47. Re2+ {[%emt 0:00:01]} Kf6 {[%emt 0:00:01]} 48. b4 {[%emt 0:00:04]} cxb4+ {[%emt 0:00:02]} 49. Rxb4 {[%emt 0:00:00]} Rc6 {[%emt 0:00:02]} 50. gxh4 {[%emt 0:00:11]} gxh4 {[%emt 0:00:00]} 51. Re4 {[%emt 0:00:01]} h3 {[%emt 0:00:01]} 52. Rb5 {[%emt 0:00:02]} Ra6 {[%emt 0:00:03]} 53. c5 {[%emt 0:00:15]} Ra1 {[%emt 0:00:08]} 54. Re2 {[%emt 0:00:08]} Ra3+ {[%emt 0:00:02]} 55. Kd4 {[%emt 0:00:01]} Rxf3 {[%emt 0:00:04]} 56. c6 {[%emt 0:00:01]} Rf4+ {[%emt 0:00:01]} 57. Kc5 {[%emt 0:00:02]} Rc4+ {[%emt 0:00:06]} 58. Kb6 {[%emt 0:00:02]} Rc3 {[%emt 0:00:06]} 59. c7 {[%emt 0:00:01]} Kg7 {[%emt 0:00:05]} 60. Rxe6 {[%emt 0:00:02]} fxe6 {[%emt 0:00:01]} 61. Rc5 {[%emt 0:00:01] Don59as resigns (Lag: Av=0.78s, max=4.7s)} 1-0

[Event "Stay Safe Play From Home 195"]
[Site "T#646521Emanuel Laske"]
[Date "2020.06.02"]
[Round "3"]
[White "Dukic"]
[Black "Haris kollari 13"]
[Result "0-1"]
[WhiteElo "1970"]
[BlackElo "1876"]
[Annotator "NA RC"]
[PlyCount "58"]
[EventDate "2020.06.02"]
[EventType "swiss (blitz)"]

1. c4 {[%emt 0:00:04]} b6 {[%emt 0:00:01]} 2. Nc3 {[%emt 0:00:02]} Bb7 {[%emt 0:00:01]} 3. d4 {[%emt 0:00:01]} g6 {[%emt 0:00:01]} 4. e4 {[%emt 0:00:01]} Bg7 {[%emt 0:00:01]} 5. Be3 {[%emt 0:00:01]} Nf6 {[%emt 0:00:02]} 6. f3 {[%emt 0:00:01]} d6 {[%emt 0:00:01]} 7. Qd2 {[%emt 0:00:01]} h5 {[%emt 0:00:03]} 8. Nge2 {[%emt 0:00:02]} c5 {[%emt 0:00:03]} 9. d5 {[%emt 0:00:06]} a6 {[%emt 0:00:02]} 10. O-O-O {[%emt 0:00:04]} Qc7 {[%emt 0:00:01]} 11. Kb1 {[%emt 0:00:05]} Nbd7 {[%emt 0:00:01]} 12. h3 {[%emt 0:00:08]} Ne5 {[%emt 0:00:02]} 13. Nc1 {[%emt 0:00:05]} Nh7 {[%emt 0:00:11]} 14. g4 {[%emt 0:00:10]} Nxf3 {[%emt 0:00:10]} 15. Qg2 {[%emt 0:00:11]} hxg4 {[%emt 0:00:04]} 16. hxg4 {[%emt 0:00:02]} Ne5 {[%emt 0:00:02]} 17. g5 {[%emt 0:00:08]} O-O-O {[%emt 0:00:02]} 18. Be2 {[%emt 0:00:11]} Kb8 {[%emt 0:00:01]} 19. Rh2 {[%emt 0:00:09]} Nf8 {[%emt 0:00:12]} 20. Rxh8 {[%emt 0:00:14]} Bxh8 {[%emt 0:00:01]} 21. Rh1 {[%emt 0:00:24]} Bg7 {[%emt 0:00:01]} 22. Bf4 {[%emt 0:00:23]} Nfd7 {[%emt 0:00:03]} 23. Rh3 {[%emt 0:00:24]} Qc8 {[%emt 0:00:07]} 24. Nd1 {[%emt 0:00:04]} Rh8 {[%emt 0:00:02]} 25. Ne3 {[%emt 0:00:09]} Rxh3 {[%emt 0:00:14]} 26. Qxh3 {[%emt 0:00:02]} Qh8 {[%emt 0:00:00]} 27. Qg2 {[%emt 0:00:09]} Kc7 {[%emt 0:00:07]} 28. Bf1 {[%emt 0:00:17]} Qh4 {[%emt 0:00:03]} 29. Qg3 {[%emt 0:00:20]} Qxg3 {[%emt 0:00:07] Zeit (Lag: Av=0.52s, max=4.8s)} 0-1

[Event "Stay Safe Play From Home 195"]
[Site "T#646521Emanuel Laske"]
[Date "2020.06.02"]
[Round "3"]
[White "Tobo Rubirosa"]
[Black "President"]
[Result "1-0"]
[WhiteElo "1659"]
[BlackElo "1689"]
[Annotator "NA RC"]
[PlyCount "57"]
[EventDate "2020.06.02"]
[EventType "swiss (blitz)"]

1. Nf3 {[%emt 0:00:03]} b6 {[%emt 0:00:02]} 2. g3 {[%emt 0:00:02]} Bb7 {[%emt 0:00:01]} 3. Bg2 {[%emt 0:00:00]} e6 {[%emt 0:00:02]} 4. O-O {[%emt 0:00:01]} Nf6 {[%emt 0:00:02]} 5. c4 {[%emt 0:00:01]} d6 {[%emt 0:00:02]} 6. d4 {[%emt 0:00:01]} Be7 {[%emt 0:00:01]} 7. Nc3 {[%emt 0:00:01]} O-O {[%emt 0:00:02]} 8. Qc2 {[%emt 0:00:05]} Nbd7 {[%emt 0:00:02]} 9. e4 {[%emt 0:00:02]} Rc8 {[%emt 0:00:02]} 10. Re1 {[%emt 0:00:07]} c5 {[%emt 0:00:02]} 11. d5 {[%emt 0:00:03]} e5 {[%emt 0:00:09]} 12. h3 {[%emt 0:00:09]} a6 {[%emt 0:00:02]} 13. Be3 {[%emt 0:00:02]} Re8 {[%emt 0:00:02]} 14. Nd2 {[%emt 0:00:01]} Bf8 {[%emt 0:00:04]} 15. a3 {[%emt 0:00:06]} Rb8 {[%emt 0:00:02]} 16. b4 {[%emt 0:00:04]} Kh8 {[%emt 0:00:14]} 17. Bf1 {[%emt 0:00:06]} Ng8 {[%emt 0:00:03]} 18. Na4 {[%emt 0:00:10]} b5 {[%emt 0:00:09]} 19. cxb5 {[%emt 0:00:06]} axb5 {[%emt 0:00:01]} 20. Bxb5 {[%emt 0:00:07]} Re7 {[%emt 0:00:02]} 21. Bf1 {[%emt 0:00:06]} cxb4 {[%emt 0:00:03]} 22. axb4 {[%emt 0:00:03]} Ngf6 {[%emt 0:00:12]} 23. Nc3 {[%emt 0:00:12]} g6 {[%emt 0:00:02]} 24. Nb5 {[%emt 0:00:03]} Re8 {[%emt 0:00:03]} 25. Nc4 {[%emt 0:00:06]} Rc8 {[%emt 0:00:27]} 26. Qd3 {[%emt 0:00:05]} Kg7 {[%emt 0:00:32]} 27. Ncxd6 {[%emt 0:00:05]} Bxd6 {[%emt 0:00:04]} 28. Nxd6 {[%emt 0:00:01]} Ra8 {[%emt 0:00:11]} 29. Nxb7 {[%emt 0:00:06] President gibt auf (Lag: Av=0.49s, max=1.1s)} 1-0

[Event "Stay Safe Play From Home 195"]
[Site "T#646521Emanuel Laske"]
[Date "2020.06.02"]
[Round "3"]
[White "Abhi46698"]
[Black "Edmatuag"]
[Result "0-1"]
[WhiteElo "1385"]
[BlackElo "1703"]
[Annotator "NA RC"]
[PlyCount "50"]
[EventDate "2020.06.02"]
[EventType "swiss (blitz)"]

1. d4 {[%emt 0:00:03]} d5 {[%emt 0:00:01]} 2. Bf4 {[%emt 0:00:02]} Nf6 {[%emt 0:00:03]} 3. e3 {[%emt 0:00:00]} e6 {[%emt 0:00:01]} 4. c3 {[%emt 0:00:01]} c5 {[%emt 0:00:01]} 5. Bd3 {[%emt 0:00:01]} Nc6 {[%emt 0:00:01]} 6. Nd2 {[%emt 0:00:02]} Bd6 {[%emt 0:00:03]} 7. Bxd6 {[%emt 0:00:03]} Qxd6 {[%emt 0:00:02]} 8. f4 {[%emt 0:00:00]} a5 {[%emt 0:00:08]} 9. a4 {[%emt 0:00:05]} b6 {[%emt 0:00:02]} 10. h4 {[%emt 0:00:01]} Ba6 {[%emt 0:00:04]} 11. Bxa6 {[%emt 0:00:09]} Rxa6 {[%emt 0:00:00]} 12. g4 {[%emt 0:00:04]} h5 {[%emt 0:00:09]} 13. Nh3 {[%emt 0:00:10]} Nxg4 {[%emt 0:00:06]} 14. Nf2 {[%emt 0:00:10]} Nxe3 {[%emt 0:00:06]} 15. Qe2 {[%emt 0:00:05]} Nc2+ {[%emt 0:00:12]} 16. Kf1 {[%emt 0:00:05]} Qxf4 {[%emt 0:00:27]} 17. Qxa6 {[%emt 0:00:07]} Nxa1 {[%emt 0:00:08]} 18. Qc8+ {[%emt 0:00:09]} Nd8 {[%emt 0:00:02]} 19. Ke2 {[%emt 0:00:18]} Nc2 {[%emt 0:00:04]} 20. Rf1 {[%emt 0:00:08]} cxd4 {[%emt 0:00:21]} 21. cxd4 {[%emt 0:00:23]} Nxd4+ {[%emt 0:00:04]} 22. Kd1 {[%emt 0:00:03]} Qe3 {[%emt 0:00:11]} 23. Qc7 {[%emt 0:00:31]} O-O {[%emt 0:00:08]} 24. Qxb6 {[%emt 0:00:11]} N8c6 {[%emt 0:00:05]} 25. Nb3 {[%emt 0:00:16]} Qxb3+ {[%emt 0:00:05] Abhi46698 resigns (Lag: Av=0.75s, max=1.5s)} 0-1

[Event "Stay Safe Play From Home 195"]
[Site "T#646521Emanuel Laske"]
[Date "2020.06.02"]
[Round "4"]
[White "Position"]
[Black "Lazieri3"]
[Result "1/2-1/2"]
[WhiteElo "2140"]
[BlackElo "2011"]
[Annotator "TA"]
[PlyCount "166"]
[EventDate "2020.06.02"]
[EventType "swiss (blitz)"]

{[%evp 9,166,72,79,43,70,43,43,19,26,8,17,19,29,8,71,52,40,39,81,-17,39,0,18,10,15,7,58,48,106,86,113,58,67,0,0,0,0,0,0,-13,-12,-2,0,-8,-7,-60,-65,-56,-1,-13,167,168,150,159,145,153,173,127,119,114,154,156,223,222,228,195,504,74,74,74,92,74,74,74,111,24,39,13,74,27,46,46,53,53,77,77,112,81,81,83,136,136,136,136,136,136,136,136,136,14,14,14,16,16,88,15,15,15,16,16,16,16,16,16,16,16,16,16,16,16,16,16,16,16,16,16,16,16,16,16,16,16,16,16,16,16,16,16,16,16,16,15,16,14,15,15,15,8,8,8,14,0,0,0,0,0,0,-8,-8]} 1. e4 c6 2. Nf3 d5 3. Nc3 d4 4. Ne2 c5 5. c3 dxc3 6. bxc3 {B11: Caro-Kann: Two Knights Variation.} Nc6 7. Ng3 Nf6 {[#]} 8. h3 $146 {White is slightly better.} ({Predecessor:} 8. Bb5 Bd7 9. O-O a6 10. Bxc6 Bxc6 11. Re1 e6 12. d4 cxd4 13. cxd4 Bb4 14. Bd2 Bxd2 15. Qxd2 {0-1 (49) Lebiedowicz,B (1730)-Hasinski,K (1925) Rewal 2012}) 8... e6 9. Bb5 Bd7 10. O-O a6 11. Ba4 b5 (11... c4 $11) 12. Bc2 $16 c4 13. a4 Be7 14. Rb1 (14. axb5 $16 axb5 15. Rxa8 Qxa8 16. d4) 14... Rb8 (14... b4 $11 15. cxb4 Nxb4) 15. Re1 O-O 16. axb5 axb5 17. d3 cxd3 (17... Qc7 $11) 18. Qxd3 $14 {[#] Strongly threatening e5.} g6 (18... Be8 $14) 19. Bf4 $16 Rb7 20. Red1 (20. e5 $16 Nd5 21. Bh6) 20... Qa5 $14 21. Ne5 (21. Ra1 $14 Qb6 22. Bd6) 21... Nxe5 $11 22. Bxe5 Bc6 23. Qe3 Nd7 24. Bd6 Bxd6 25. Rxd6 Rc8 26. e5 b4 27. Ne4 ({White should try} 27. Qd4 $11) 27... Qxe5 $15 {And now ...Bxe4 would win.} 28. f4 Qg7 (28... Qa5 $15) 29. cxb4 {[%cal Bc3b4,Bb4b5][%mdl 32]} Bxe4 $2 (29... Nf6 $11) 30. Bxe4 $18 ({Worse is} 30. Qxe4 Rbc7 $11) 30... Rbc7 31. Rbd1 $36 {[%mdl 2048] Black is under strong pressure.} Nf8 32. b5 Rc3 33. Qd2 Rb3 34. b6 {Black must now prevent b7.} Rb8 35. b7 R3xb7 (35... Qb2 $16 {might work better.} 36. Qf2 R3xb7) 36. Bxb7 Rxb7 37. Rd8 Qb2 $2 (37... f5 38. Qd6 Qf6) 38. Rc8 $2 (38. Qd6 $18 {[%csl Gd8][%cal Rd6f8] has better winning chances.} Qb6+ 39. Qxb6 Rxb6 40. Rc8) 38... Qxd2 $16 39. Rxd2 {[%mdl 4096] Endgame Rdd8 is the strong threat. KRR-KRN} Kg7 40. Rdd8 Nd7 41. Kh2 Nf6 42. Rc4 (42. g4 $16 Nd5 43. g5) 42... h5 43. Rdc8 Ra7 (43... Nd5 $11 {remains equal.}) 44. R8c7 Rxc7 45. Rxc7 $11 {KR-KN} Nd5 46. Rc4 $1 Kf6 47. Kg3 Ne3 48. Ra4 (48. Rc7 {feels hotter.} h4+ 49. Kf3 Nf5 50. Ra7 Nh6 51. Ra3) 48... Nf5+ 49. Kf3 Kg7 ({Black should play} 49... g5) 50. g4 $16 hxg4+ 51. hxg4 Ne7 52. Ke4 Nd5 {Hoping for ...Nc3+.} 53. Ra7 Nb4 54. f5 (54. Rb7 $16 Nd5 55. Ra7) 54... gxf5+ $11 55. gxf5 exf5+ 56. Kxf5 Nc6 {[#]} (56... Nd5 $11) 57. Ra1 (57. Rd7 $1 $16) 57... Nd4+ {The position is equal.} 58. Ke5 Nf3+ 59. Kf4 Nd4 60. Ra6 Ne6+ 61. Kf5 Nd4+ 62. Ke5 Ne6 63. Ra1 Nc5 64. Rg1+ Kf8 $1 65. Kf6 Nd7+ 66. Kf5 Ke7 67. Re1+ Kf8 68. Rd1 (68. Ra1 {is more complex.} Ke7 69. Rc1 Nf8 70. Re1+ Ne6 71. Ke5) 68... Ke7 69. Ra1 Kf8 70. Ra7 Ke7 71. Rb7 Ke8 72. Rc7 Ke7 73. Rc1 Ke8 74. Ke4 Ke7 75. Kd5 Nf6+ 76. Kc6 Nh5 77. Rh1 Nf4 78. Re1+ Kf6 79. Rf1 Ke5 80. Kd7 f5 81. Ke7 Nd5+ 82. Kf7 f4 83. Rxf4 Nxf4 {Black defended with fortune. Accuracy: White = 70%, Black = 72%.} 1/2-1/2

[Event "Stay Safe Play From Home 195"]
[Site "T#646521Emanuel Laske"]
[Date "2020.06.02"]
[Round "4"]
[White "Bellbox"]
[Black "Indianquant"]
[Result "0-1"]
[WhiteElo "2014"]
[BlackElo "2399"]
[Annotator "TA"]
[PlyCount "38"]
[EventDate "2020.06.02"]
[EventType "swiss (blitz)"]

{[%evp 11,26,5,-1,-102,-88,-91,-106,-101,-89,-95,-110,-109,-100,-140,-132,-812,-812]} 1. e4 c5 2. c3 Nf6 3. e5 Nd5 4. Nf3 d6 5. d4 cxd4 6. cxd4 Nc6 7. Bb5 {B22: Sicilian: 2 c3.} (7. Bc4 $11 {remains equal.} dxe5 8. dxe5) 7... Qa5+ $17 8. Nc3 Nxc3 9. Bxc6+ {Black is better.} bxc6 10. bxc3 Qxc3+ 11. Bd2 Qd3 12. Rc1 Ba6 13. Rxc6 $2 {[%mdl 8192] [#]} (13. Be3 $17) 13... Qe4+ {[%mdl 64] [#] Double Attack. White got outplayed after the opening} {Predecessor:} 14. Be3 $146 Qxc6 15. h4 Rb8 16. d5 Qc3+ 17. Bd2 Qc4 18. Be3 Rb1 19. Bc1 Qe4+ {0-1 (19) Dudeney,K (1720)-Walker,J (1808) ICCF email 2017} 0-1